000 00736nam a2200229 i 4500
001 51680
003 ES-MaACL
005 20230906162416.0
007 t|
008 030814s1977 sp ||||1| spa d
245 0 4 _aLos marxistas y la política /
_c[Recopilación de textos] François Chatelet, Evelyne Pisier-Kouchner, Jean-Marie Vincent.
260 _aMadrid :
_bTaurus,
_c1977.
300 _a3 v. ;
_c21 cm.
490 1 _aEnsayistas ;
_v151 ; 153
650 0 4 _aMarxismo.
_914803
700 1 _aPisier-Kouchner, Evelyne.
_992374
700 1 _aVincent, Jean-Marie.
_9115309
700 0 _aChâtelet, François.
_938187
830 0 _aEnsayistas ;
_v151 ; 153
_9177257
852 _aES-MaACL
_jA-7354-56
999 _c51680
_d51680